World Religions Multiple Choice Quiz Stats

 Plays Quiz Updated Sep 18, 2016

Challenge
Share
Tweet
Embed
Score 0/18 Timer 06:00
13 Plays Today
Question Answer Wrong Answers
What is the correct name for a Jewish place of worship? Synagogue
96.2%
Church
0.9%
Mosque
1.8%
Pagoda
1%
Which modern body of water is commonly believed to be the site of Moses and the Israelites' crossing during their exodus from the Egypt? Red Sea
79.9%
Dead Sea
8.8%
Jordan River
4.8%
Suez Canal
1.8%
Who is the god of war in Greek mythology? Ares
70.1%
Athena
5%
Mars
21.4%
Venus
1.8%
Which of these four papal basilicas in Rome is located in Vatican City (Holy See)? St. Peter's Basilica
68.1%
Archbasilica of St. John Lateran
6.1%
Basilica of St. Paul Outside the Walls
7%
Basilica di Santa Maria Maggiore
6.7%
Which of these Muslim-majority countries is secular? Turkey
68%
Saudi Arabia
13.4%
Iran
8.1%
Afghanistan
4.7%
Which of these Old Testament books comes first? Numbers
67.9%
Judges
6.3%
Psalms
12.5%
Ecclesiastes
10%
In which book of the Bible can you find the famous verse, 'Love is patient, love is kind. It does not envy, it does not boast, it is not proud'? 1 Corinthians
56.9%
1 Maccabees
3.4%
Proverbs
26.8%
Daniel
5.1%
Which of these religions is believed to be the oldest? Hinduism
49.5%
Buddhism
22.5%
Islam
8.3%
Christianity
8.5%
Which of these is not a traditional branch of Islam? Karaite
47.8%
Sunni
4.7%
Shia
4.2%
Kharijite
32.3%
In which century did the East-West Schism -- the break of communion between what are now the Eastern Orthodox and Catholic churches -- occur? XI
39.1%
II
11.9%
IX
30.4%
XX
9.5%
Which is the name for the worshiped spirits of nature, ancestors, etc. in Shinto? Kami
36.5%
Jinja
21.3%
Miko
16.1%
Seimei
15.2%
Which Norse god or goddess hung from Yggdrasil -- the World Tree -- for nine days and nights? Odin
36.3%
Frigg
11.7%
Loki
21.5%
Freyja
23.3%
About 9 million of the approximate 15 million Mormons live in North America. Which continent has the next highest Mormon membership? South America
34.4%
Europe
25.3%
Asia
14.4%
Oceania
16.4%
Which of these Hindu divine beings is most often depicted as female? Kali
33.7%
Vishnu
14.6%
Shiva
41%
Brahma
2.5%
Which of these is not one of the Four Noble Truths of Buddhism? Consequence of suffering
29.7%
Suffering
22%
Cause of suffering
14.1%
End of suffering
22.5%
Which Egyptian god or goddess killed Osiris by cutting his body into pieces and throwing them into the Nile? Seth
27.9%
Isis
24.9%
Anubis
18.7%
Ra
18.3%
Who was the first Christian king in Great Britain? Æthelberht of Kent
25.3%
Arwald
3.7%
Arthur
27.4%
Alfred the Great
32.7%
Which of these gods is not a member of the Archaic Triad, the earliest triad to hold a central place in Roman polytheism? Minerva
24.5%
Jupiter
6.5%
Mars
7.6%
Quirinus
49%

You're not logged in!

Compare scores with friends on all Sporcle quizzes.
OR
Log In

You Might Also Like...

Show Comments

Extras

Top Quizzes Today


Score Distribution

Your Account Isn't Verified!

In order to create a playlist on Sporcle, you need to verify the email address you used during registration. Go to your Sporcle Settings to finish the process.

Report this User

Report this user for behavior that violates our Community Guidelines.

Details: